Fitnah Sang Kera dan Si Merbah yang bijaksana (Record no. 125605)
[ view plain ]
| 000 -LEADER | |
|---|---|
| fixed length control field | 00780nam a2200265 i 4500 |
| 001 - CONTROL NUMBER | |
| control field | C2-0325909 |
| 003 - CONTROL NUMBER IDENTIFIER | |
| control field | PPAK |
| 005 - DATE AND TIME OF LATEST TRANSACTION | |
| control field | 20180728123857.0 |
| 008 - FIXED-LENGTH DATA ELEMENTS--GENERAL INFORMATION | |
| fixed length control field | 140310s2013 my a|||| ||||| | may d |
| 020 ## - INTERNATIONAL STANDARD BOOK NUMBER | |
| International Standard Book Number | 9789670313177 |
| 040 ## - CATALOGING SOURCE | |
| Original cataloging agency | PPAK |
| Language of cataloging | eng |
| Transcribing agency | PPAK |
| Description conventions | rda |
| 082 04 - DEWEY DECIMAL CLASSIFICATION NUMBER | |
| Classification number | 499.2386 |
| Edition number | 23 |
| 090 00 - LOCALLY ASSIGNED LC-TYPE CALL NUMBER (OCLC); LOCAL CALL NUMBER (RLIN) | |
| Classification number (OCLC) (R) ; Classification number, CALL (RLIN) (NR) | 499.2386 |
| Feature heading | HAM |
| Feature heading | K |
| 100 0# - MAIN ENTRY--PERSONAL NAME | |
| Personal name | Hamdan Mohd Ali, |
| Relator term | author |
| 245 10 - TITLE STATEMENT | |
| Title | Fitnah Sang Kera dan Si Merbah yang bijaksana |
| 264 #1 - PRODUCTION, PUBLICATION, DISTRIBUTION, MANUFACTURE, AND COPYRIGHT NOTICE | |
| Place of production, publication, distribution, manufacture | Negeri Sembilan : |
| Name of producer, publisher, distributor, manufacturer | Goodwill Publications , |
| Date of production, publication, distribution, manufacture, or copyright notice | 2013 |
| 300 ## - PHYSICAL DESCRIPTION | |
| Extent | 30 pages : |
| Other physical details | colour illustrations ; |
| Dimensions | 22 cm |
| 336 ## - CONTENT TYPE | |
| Source | rdacontent |
| Content type term | text |
| 337 ## - MEDIA TYPE | |
| Source | rdamedia |
| Media type term | unmediated |
| 338 ## - CARRIER TYPE | |
| Source | rdacarrier |
| Carrier type term | volume |
| 490 1# - SERIES STATEMENT | |
| Series statement | Siri bacaan pelangi |
| 650 10 - SUBJECT ADDED ENTRY--TOPICAL TERM | |
| Topical term or geographic name entry element | Bahasa Malaysia - Readers |
| 830 #0 - SERIES ADDED ENTRY--UNIFORM TITLE | |
| Uniform title | Siri bacaan pelangi |
| 942 ## - ADDED ENTRY ELEMENTS (KOHA) | |
| -- | dc |
| Koha item type | Book |
| Withdrawn | Not for loan | Current library | Shelving location | Date acquired | Total Checkouts | Full call number | Barcode | Date last seen | Date last checked out | Koha item type | Total Renewals |
|---|---|---|---|---|---|---|---|---|---|---|---|
| Perpustakaan Alor Setar | Pinjaman Kanak-kanak | 10/03/2014 | 6 | K 499.2386 HAM | A01434296 | 25/09/2023 | 27/08/2023 | Book | |||
| Perpustakaan Alor Setar | Pinjaman Kanak-kanak | 10/03/2014 | 17 | K 499.2386 HAM | A01434297 | 04/06/2025 | 17/05/2025 | Book | 3 | ||
| Perpustakaan Awam Sungai Petani | Pinjaman Kanak-kanak | 10/03/2014 | 4 | K 499.2386 HAM | A01434298 | 27/06/2026 | 22/06/2026 | Book | 1 | ||
| Perpustakaan Awam Sungai Petani | Pinjaman Kanak-kanak | 10/03/2014 | 4 | K 499.2386 HAM | A01434307 | 27/06/2026 | 22/06/2026 | Book | |||
| Perpustakaan Baling | Pinjaman Kanak-kanak | 10/03/2014 | K 499.2386 HAM | A01434304 | 09/05/2018 | Book | |||||
| Perpustakaan Bandar Baharu | Pinjaman Kanak-kanak | 10/03/2014 | K 499.2386 HAM | A01434305 | 09/05/2018 | Book | |||||
| Perpustakaan Jitra | Pinjaman Kanak-kanak | 10/03/2014 | K 499.2386 HAM | A01434299 | 09/05/2018 | Book | |||||
| Perpustakaan Kuala Nerang | Pinjaman Kanak-kanak | 10/03/2014 | 1 | K 499.2386 HAM | A01434306 | 19/03/2019 | 03/03/2019 | Book | |||
| Perpustakaan Kulim | Pinjaman Kanak-kanak | 10/03/2014 | 1 | K 499.2386 HAM | A01434301 | 31/12/2022 | 15/01/2022 | Book | |||
| Perpustakaan Langkawi | Pinjaman Kanak-kanak | 10/03/2014 | K 499.2386 HAM | A01434300 | 09/05/2018 | Book | |||||
| Perpustakaan Merbok | Pinjaman Kanak-kanak | 10/03/2014 | K 499.2386 HAM | A01434308 | 09/05/2018 | Book | |||||
| Perpustakaan Sik | Pinjaman Kanak-kanak | 10/03/2014 | K 499.2386 HAM | A01434303 | 09/05/2018 | Book | |||||
| Perpustakaan Yan | Pinjaman Kanak-kanak | 10/03/2014 | 6 | K 499.2386 HAM | A01434302 | 20/11/2024 | 12/11/2024 | Book |